<?xml version="1.0" encoding="UTF-8"?><?xml-stylesheet type="text/xsl" href="static/style.xsl"?><OAI-PMH xmlns="http://www.openarchives.org/OAI/2.0/" xmlns:xsi="http://www.w3.org/2001/XMLSchema-instance" xsi:schemaLocation="http://www.openarchives.org/OAI/2.0/ http://www.openarchives.org/OAI/2.0/OAI-PMH.xsd"><responseDate>2026-06-07T07:49:45Z</responseDate><request verb="GetRecord" identifier="oai:riuma.uma.es:10630/46286" metadataPrefix="marc">https://riuma.uma.es/rest/oai/request</request><GetRecord><record><header><identifier>oai:riuma.uma.es:10630/46286</identifier><datestamp>2026-04-08T23:45:50Z</datestamp><setSpec>com_10630_2254</setSpec><setSpec>col_10630_37953</setSpec></header><metadata><record xmlns="http://www.loc.gov/MARC21/slim" xmlns:dcterms="http://purl.org/dc/terms/" xmlns:doc="http://www.lyncode.com/xoai" xmlns:xsi="http://www.w3.org/2001/XMLSchema-instance" xsi:schemaLocation="http://www.loc.gov/MARC21/slim http://www.loc.gov/standards/marcxml/schema/MARC21slim.xsd">
   <leader>00925njm 22002777a 4500</leader>
   <datafield ind2=" " ind1=" " tag="042">
      <subfield code="a">dc</subfield>
   </datafield>
   <datafield ind2=" " ind1=" " tag="720">
      <subfield code="a">Díaz-Román, Amparo</subfield>
      <subfield code="e">author</subfield>
   </datafield>
   <datafield ind2=" " ind1=" " tag="720">
      <subfield code="a">Buela-Casal, Gualberto</subfield>
      <subfield code="e">author</subfield>
   </datafield>
   <datafield ind2=" " ind1=" " tag="260">
      <subfield code="c">2019-06-11</subfield>
   </datafield>
   <datafield ind2=" " ind1=" " tag="520">
      <subfield code="a">The discrepancies in prior research about the actual sleep problems underlying attention-deficit/hyperactivity disorder (ADHD) demand more studies of children with this disorder. This study aimed to compare the subjective and objective sleep characteristics of 20 children with ADHD (DSM-IV criteria) and 20 typically developing children (aged 7-11 years). We assessed the children using sleep questionnaires and polysomnography recordings and analysed differences between the two groups using two-tailed Mann-Whitney U exact tests and Rosenthal's r as effect size measure. We also assessed associations between sleep measures and psychopathology using Spearman's correlation coefficients. No significant difference was found between the groups in almost any objective sleep variable, except for shorter REM latency in the ADHD group. Children with ADHD also showed significantly higher levels of daytime sleepiness and greater general sleep problems than control children, as reported by their parents, after discarding the primary sleep problems commonly associated with ADHD. Significant correlations were found between psychopathology and sleep measures. Our findings might support the link between narcolepsy-like sleep phenotype and ADHD. However, longitudinal research combining objective and subjective assessments should further explore the involvement of other variables, such as ADHD subtypes, medication, and comorbid symptoms in this relationship.</subfield>
   </datafield>
   <datafield ind1="8" ind2=" " tag="024">
      <subfield code="a">Díaz-Román, A., &amp; Buela-Casal, G. (2019). Shorter REM latency in children with attention-deficit/hyperactivity disorder? Psychiatry Research, 278, 188–193. https://doi.org/10.1016/j.psychres.2019.06.012</subfield>
   </datafield>
   <datafield ind1="8" ind2=" " tag="024">
      <subfield code="a">https://hdl.handle.net/10630/46286</subfield>
   </datafield>
   <datafield ind1="8" ind2=" " tag="024">
      <subfield code="a">10.1016/j.psychres.2019.06.012</subfield>
   </datafield>
   <datafield tag="653" ind2=" " ind1=" ">
      <subfield code="a">Trastornos por déficit de atención con hiperactividad</subfield>
   </datafield>
   <datafield tag="653" ind2=" " ind1=" ">
      <subfield code="a">Sueño - Trastornos</subfield>
   </datafield>
   <datafield ind2="0" ind1="0" tag="245">
      <subfield code="a">Shorter REM latency in children with attention-deficit/hyperactivity disorder</subfield>
   </datafield>
</record>
</metadata></record></GetRecord></OAI-PMH>